000 00869cam a2200229 i 4500
005 20251130142637.0
008 250721s2019 ku gr 000 0 ara d
020 _a9789990606348
041 1 _aara
_heng
082 1 4 _a904.7
_bك و ل
100 1 _aكولبرت، إليزابيث
_eمؤلف.
245 1 2 _aالانقراض السادس :
_bتاريخ لا طبيعي /
_cتاليف اليزابيث كولبرت ؛ ترجمة احمد عبد الله السماحي.
264 3 1 _aالكويت :
_bعالم المعرفة،
_c2019.
300 _a359 صفخه.
490 0 _aعالم المعرفة ؛
_vرقم 471.
650 1 7 _aالتاريخ.
650 1 7 _aالاحداث العالمية.
700 1 _aالسماحي، أحمد عبدالله
_eمترجم.
830 0 _aعالم المعرفة
942 _2ddc
_cBK
999 _c140071
_d140071